00542nam a22001697a 450000500170000001000150001702000260003203500130005803700130007108200150008410000180009924500780011726000430019527000590023830000240029750000510032120150903111004.0 aENG-113448 c795.00a9789350355138 aEN-96980 bDBAD/PUB a340.092254 aTahir Mahmood aReminiscing on law brains :cby Tahir Mahmood bbench, bar and academia / aDelhi bUniversal Law Publishingc2015 aA-58, G.T. Karnal Road Industrial Area,bDelhie110033 axiv,426p.c25cm(Hb) aIncludes bibliographical references and index